000 01424nam a2200385Ic 4500
001 59801
003 CO-BoRNBP
005 20251106201349.0
007 ta
008 210828r2015 sp a er 000 0dspa d
020 _a9788492981182
040 _aCO-BoRNBP
_bspa
_erda
_cCO-BoRNBP
041 1 _aspa
_heng
082 0 4 _a613.711
_bA52e
_222
100 1 _aAnderson, Bob,
_d1945-
_eaut
_966669
245 1 0 _aEstirándose /
_cBob Anderson ; ilustrado por Jean Anderson ; traducción Beatriz Fernández y Josep Escarré.
246 3 4 _aEstirándose
_bguía completa de estiramientos para tonificar, flexibilizar y relajar el cuerpo
250 _aSéptima edición
264 1 _aBarcelona, España :
_bRBA,
_c2015
300 _a236 páginas :
_bilustraciones
336 _atexto
_btxt
_2rdacontent
337 _asin mediación
_bn
_2rdamedia
338 _avolumen
_bnc
_2rdacarrier
500 _aIncluye resumen de los ejercicios de estiramiento
521 _aRecomendado para un público adulto
545 _aIncluye datos biográficos de los autores e ilustrador al final del texto
650 0 7 _aEducacion Fisica
_2LEMB
_962260
650 0 7 _aEjercicio
_2LEMB
_917970
650 0 7 _aEntrenamiento atlético
_2lemb
650 0 7 _aEstiramiento (fisiología)
_2lemb
_966670
700 _aAnderson, Jean E.
_eill
_966671
700 _aEscarré, Josep
_etrl
_966672
700 _aFernández, Beatriz
_etrl
_966673
942 _2ddc
_cBK
999 _c59801
_d59801